000 00494nam a22001817a 4500
999 _c7512
_d7512
003 OSt
005 20211122142238.0
008 211122b ||||| |||| 00| 0 eng d
020 _a978012744760
040 _cDDC
082 _23rd.ed
_a551.48WET2001
100 _aWetzel ,Robert G
_915379
245 _aLimnology
_bLake and River Ecosystems
_cWetzel ,Robert G
300 _axvi,1006p;
_bill,
_c25cm
504 _aIncludes Reference, Appendix&Index
650 _2Geography
942 _2ddc
_cO_SHELF